| 000 | 00906nam a22003017a 4500 | ||
|---|---|---|---|
| 005 | 20230512223925.0 | ||
| 008 | 220905t xxu||||| |||| 00| 0 eng d | ||
| 020 | _a9781285769417 | ||
| 040 | _cCSPC | ||
| 050 | 0 | _aTT957 | |
| 082 | 0 |
_a646.72076 _bB126m |
|
| 100 |
_aBacke, Jason, _eauthor. |
||
| 245 | 0 | 0 |
_aMilady standard cosmetology / _cJason Backe. |
| 250 |
_aThirteenth _bedition. |
||
| 260 |
_aBoston, MA : _bMilady, _c2016. |
||
| 300 |
_axxiii, 1129 pages : _bcolored illustrations ; _c29 cm. |
||
| 336 |
_2rdacontent _atext |
||
| 337 |
_2rdamedia _aunmediated |
||
| 338 |
_2rdacarrier _avolume |
||
| 500 | _aIncludes index. | ||
| 504 | _aIncludes bibliographical references. | ||
| 650 | 1 | 0 | _aHaircutting. |
| 650 | 1 | 0 | _aHairstyles. |
| 940 | _ariza | ||
| 942 |
_cBOOK _jCIR 646.72076 B126m 2016 |
||
| 999 |
_c12497 _d12497 |
||